Understanding the Maccabean revolt, 167 to 63 BCE : an introductory atlas /

Bibliographic Details
Main Authors: Avi-Yonah, Michael, 1904-1974 (Author), Safrai, Shemuel, 1919-2003 (Author), Safrai, Zeev (Author)
Format: Book
Language:English
Published: Jerusalem : Carta, 2016.
Subjects:

MARC

Tag First Indicator Second Indicator Subfields
LEADER 00000cam a2200000 i 4500
001 in00003854635
005 20170808145405.0
008 170117s2016 is ab 001 0 eng d
035 |a (OCoLC)ocn990245954 
040 |a HLS  |e rda  |c HLS  |d COO  |d QGK  |d VGM  |d TXA 
020 |a 9789652208750  |q (paperback) 
020 |a 9652208752  |q (paperback) 
090 |a DS121.7  |b .A96 2016 
049 |a TXAM 
100 1 |a Avi-Yonah, Michael,  |d 1904-1974,  |e author. 
245 1 0 |a Understanding the Maccabean revolt, 167 to 63 BCE :  |b an introductory atlas /  |c Michael Avi-Yonah, Shmuel Safrai, Zeʻev Safrai. 
264 1 |a Jerusalem :  |b Carta,  |c 2016. 
300 |a 40 pages :  |b color illustrations, color maps ;  |c 30 cm. 
336 |a text  |b txt  |2 rdacontent 
336 |a still image  |b sti  |2 rdacontent 
336 |a cartographic image  |b cri  |2 rdacontent 
337 |a unmediated  |b n  |2 rdamedia 
338 |a volume  |b nc  |2 rdacarrier 
500 |a Includes index. 
650 0 |a Jews  |x History  |y 168 B.C.-135 A.D. 
650 0 |a Maccabees. 
651 0 |a Palestine  |x Historical geography  |v Maps. 
700 1 |a Safrai, Shemuel,  |d 1919-2003,  |e author. 
700 1 |a Safrai, Zeev,  |e author. 
945 |a PromptCat 
948 |a cataloged  |b h  |c 2017/8/8  |d c  |e dmitchel  |f 2:48:00 pm 
994 |a C0  |b TXA 
999 f f |s f928a5e0-9309-335f-bc19-524043b2b694  |i 2dcea06c-4693-39fb-8453-c4e4df78ea10  |t 0 
952 f f |p normal  |a Texas A&M University  |b College Station  |c Sterling C. Evans Library  |d Evans: Library Stacks  |t 0  |e DS121.7 .A96 2016  |h Library of Congress classification  |i unmediated -- volume  |m A14850128522 
998 f f |a DS121.7 .A96 2016  |t 0  |l Evans: Library Stacks